6 Times Table in Dozenal Quiz Stats

 Plays Quiz not verified by Sporcle

Challenge
Share
Tweet
Embed
Score 0/48 Timer 03:00
0 Plays Today
Calculation Answer % Correct
1x66
100%
1x66
100%
2x610
100%
2x610
100%
3x616
100%
4x620
100%
5x626
100%
5x626
100%
6x630
100%
6x630
100%
7x636
100%
7x636
100%
9x646
100%
Xx650
100%
Xx650
100%
10x660
100%
10x660
100%
1x66
91.7%
3x616
91.7%
3x616
91.7%
3x616
91.7%
4x620
91.7%
4x620
91.7%
4x620
91.7%
Calculation Answer % Correct
5x626
91.7%
6x630
91.7%
7x636
91.7%
7x636
91.7%
8x640
91.7%
8x640
91.7%
8x640
91.7%
9x646
91.7%
9x646
91.7%
Xx650
91.7%
Ex656
91.7%
Ex656
91.7%
Ex656
91.7%
10x660
91.7%
10x660
91.7%
1x66
83.3%
2x610
83.3%
2x610
83.3%
5x626
83.3%
6x630
83.3%
8x640
83.3%
9x646
83.3%
Xx650
83.3%
Ex656
83.3%

You're not logged in!

Compare scores with friends on all Sporcle quizzes.
OR
Log In

You Might Also Like...

Show Comments

Extras

Top Quizzes Today


Score Distribution

Your Account Isn't Verified!

In order to create a playlist on Sporcle, you need to verify the email address you used during registration. Go to your Sporcle Settings to finish the process.

Report this User

Report this user for behavior that violates our Community Guidelines.

Details: